Bagaimana manusia mencari erti kebenaran

Bibliographic Details
Main Author: Al-Qardawi,Yusuf , Dr
Other Authors: Abdul Majid Abdullah
Format: Book
Published: Selangor : Pustaka Ilmi , 1997
Subjects:

MARC

LEADER 00000cam a2200000 7i4500
001 0000013404
005 20080114.0
008 080114
020 |a 9839888536 
090 0 0 |a 297.2   |b QAR 
100 0 |a Al-Qardawi,Yusuf ,   |d Dr. 
245 1 0 |a Bagaimana manusia mencari erti kebenaran   |c Dr. Yusuf Al-Qardhawi;penterjemah, Abdul Majid Bin Abdullah 
260 |a Selangor :   |b Pustaka Ilmi ,   |c 1997 
650 0 |a Islam   |x Doctrines 
700 0 |a Abdul Majid Abdullah 
999 |a 0001008881   |b Book   |c Adult Collection   |e Perbadanan Perpustakaan Awam Johor 
999 |a 0001008882   |b Book   |c Adult Collection   |e Perbadanan Perpustakaan Awam Johor 
999 |a 0001008883   |b Book   |c Adult Collection   |e Perbadanan Perpustakaan Awam Johor